Minnesota Gophers in the NFL - Statistics

General Stats
  • This quiz has been taken 36 times
  • The average score is 5 of 17
Answer Stats
Hint Answer % Correct
Ravens - WR Rashod Bateman
100%
Buccaneers - S Antoine Winfield Jr.
81%
Vikings - LB Blake Cashman
48%
Rams - WR Tyler Johnson
41%
Commanders - CB Benjamin St. Juste
37%
Seahawks - LB Boye Mafe
26%
Ravens - OT Daniel Faalele
26%
Giants - C John Michael Schmitz Jr.
22%
Buccaneers - TE Ko Kieft
19%
Packers - CB De'Vondre Campbell
15%
Texans - S Eric Murray
15%
Giants - LB Carter Coughlin
11%
Saints - S Jordan Howden
11%
Bears - CB Terell Smith
11%
Jaguars - DE Esezi Otomewo
4%
Titans - LB Jack Gibbens
4%
Titans - LB Thomas Rush
0%
No matching quizzes found
Score Distribution
Percent of People with Each Score
Percentile by Number Answered
Your Score History
You have not taken this quiz